Wszyscy mistrzowie Niemiec w piłce nożnej - Statystyki

Ogólne statystyki
  • Ten quiz został rozwiązany 207 razy
  • Średni wynik to 65 z 109
Statystyki odpowiedzi
Sezon Mistrz % Poprawnych
1931/32 | 1968/69 | 1971/72 | +28 others Bayern Monachium
100%
1955/56 | 1956/57 | 1962/63 | +5 others Borussia Dortmund
98%
2008/09 VfL Wolfsburg
68%
1922/23 | 1927/28 | 1959/60 | +3 others Hamburger SV
66%
1933/34 | 1934/35 | 1936/37 | +4 others Schalke 04 Gelsenkirchen
66%
1964/65 | 1987/88 | 1992/93 | 2003/04 Werder Brema
61%
1949/50 | 1951/52 | 1983/84 | +2 others VfB Stuttgart
55%
1958/59 Eintracht Frankfurt
51%
1929/30 | 1930/31 Hertha Berlin
51%
1969/70 | 1970/71 | 1974/75 | +2 others Borussia Monchengladbach
48%
1961/62 | 1963/64 | 1977/78 Koln
44%
1965/66 TSV 1860 Monachium
34%
1919/20 | 1920/21 | 1923/24 | +6 others Nurnberg
32%
1950/51 | 1952/53 | 1990/91 | 1997/98 Kaiserslautern
31%
1937/38 | 1953/54 Hannover 96
29%
1932/33 Fortuna Dusseldorf
24%
1966/67 Eintracht Brunszwik
19%
1940/41 Rapid Wiedeń
14%
1913/14 | 1928/29 Greuther Furth
12%
1911/12 Holstein Kiel
9%
1925/26 Greuther Furth
8%
1907/08 | 1910/11 Viktoria Berlin
7%
1909/10 Karlsruher FV
5%
1908/09 Karlsruher SC
5%
1954/55 Rot-Weiss Essen
5%
1902/03 | 1905/06 | 1912/13 VfB Lipsk
3%
1948/49 VfR Mannheim
3%
1942/43 | 1943/44 Dresdner SC
2%
1906/07 Freiburger
2%
1904/05 Blau-Weiss 90 Berlin
1%
Nie znaleziono quizów pasujących do podanych kryteriów
Rozkład punktacji
Procent ludzi z każdym wynikiem
Percentyl według liczby udzielonych odpowiedzi
Twoja historia wyników
Nie rozwiązałeś tego quizu